[Event "AUTO-OPEN-1567"]
[Site "http://www.queenalice.com/game.php?id=662045"]
[Date "2009.10.3"]
[Round "2"]
[White "zicze"]
[Black "PapaChess"]
[Result "1-0"]
[WhiteElo "2262"]
[BlackElo "2160"]

1. e4 c6 2. d4 d5 3. Nd2 dxe4 4. Nxe4 e6 5. Nf3 Nd7 6. Bd3 Ngf6 7. Qe2 Nxe4 8.
Bxe4 Nf6 9. Bd3 Be7 10. O-O O-O 11. Bf4 Nd5 12. Bg3 Bd6 13. c4 Nf6 14. Be5 Ne8
15. h3 Bxe5 16. dxe5 g6 17. Rad1 Qe7 18. Rd2 Ng7 19. Rfd1 Qc5 20. Qe4 b6 21. Qf4
f6 22. exf6 Nh5 23. Qh6 Nxf6 24. Bxg6 Qe7 25. Bb1 Ba6 26. Ne5 Qg7 27. Qh4 Rae8
28. Rd3 Kh8 29. Rd7 Nxd7 30. Rxd7 1-0

[Event "AUTO-OPEN-1567"]
[Site "http://www.queenalice.com/game.php?id=662046"]
[Date "2009.10.3"]
[Round "2"]
[White "PapaChess"]
[Black "zicze"]
[Result "0-1"]
[WhiteElo "2170"]
[BlackElo "2252"]

1. e4 e6 2. Nc3 d5 3. e5 c5 4. f4 Nc6 5. Nf3 Qb6 6. d3 f5 7. Ne2 Nh6 8. c3 Be7
9. h3 Bd7 10. b3 O-O 11. g3 d4 12. cxd4 cxd4 13. Bb2 Bb4+ 14. Kf2 Bc3 15. Bxc3
dxc3+ 16. d4 Qa5 17. Qd3 Nb4 18. Qxc3 Rac8 19. Qd2 Rc2 20. Qd1 Rfc8 21. Ne1 Rb2
22. a3 Nd5 23. b4 Qa6 24. Nd3 Ba4 25. Nxb2 Bxd1 26. Nxd1 Rc2 27. Ne3 Nxe3 28.
Kxe3 Qc6 0-1

[Event "AUTO-OPEN-1566"]
[Site "http://www.queenalice.com/game.php?id=715559"]
[Date "2010.1.17"]
[Round "2"]
[White "cunha"]
[Black "zicze"]
[Result "1-0"]
[WhiteElo "2658"]
[BlackElo "2223"]

1. e4 e6 2. d4 d5 3. Nc3 Nf6 4. Bg5 dxe4 5. Nxe4 Nbd7 6. Nf3 Be7 7. Nxf6+ Nxf6
8. Bd3 O-O 9. O-O b6 10. Bxf6 Bxf6 11. Be4 Rb8 12. Ne5 Bxe5 13. dxe5 Ba6 14. Re1
Qe7 15. Qf3 c5 16. Qa3 Bc4 17. Bxh7+ Kxh7 18. Qh3+ Kg8 19. Re4 Be2 20. Rxe2 Rfd8
21. Rf1 Rbc8 22. c3 Qd7 23. Qg4 Qd1 24. f4 Qd3 25. h4 Qc4 26. h5 Kh7 27. Re3 Rd3
28. Rxd3 Qxd3 29. Rd1 Qc2 30. Rd7 Rf8 31. Kh2 Qa4 32. Rd3 Qc2 33. Rg3 Rg8 34.
Qg5 Qf5 35. Qxf5+ exf5 36. Rd3 Kh6 37. Kh3 Kxh5 38. Rd7 f6 39. exf6 gxf6 40.
Rxa7 Rd8 41. Ra6 Rb8 42. b4 cxb4 43. cxb4 Kg6 44. a4 Kf7 45. g4 fxg4+ 46. Kxg4
Ke7 47. Kf5 Kd7 48. Kxf6 Rf8+ 49. Ke5 Kc7 50. Ra7+ Kc6 51. Re7 Ra8 52. f5 Rxa4
53. f6 Ra1 54. f7 Rf1 55. Re6+ 1-0

[Event "AUTO-OPEN-1566"]
[Site "http://www.queenalice.com/game.php?id=715560"]
[Date "2010.1.17"]
[Round "2"]
[White "zicze"]
[Black "cunha"]
[Result "1/2-1/2"]
[WhiteElo "2245"]
[BlackElo "2678"]

1. e4 c6 2. d4 d5 3. Nd2 dxe4 4. Nxe4 Bf5 5. Ng3 Bg6 6. Nf3 Nd7 7. h4 h6 8. h5
Bh7 9. Bd3 Bxd3 10. Qxd3 e6 11. Bf4 Qa5+ 12. Bd2 Qc7 13. O-O-O Ngf6 14. Kb1
O-O-O 15. c4 Ng4 16. Qe2 Kb8 17. Bc3 Bd6 18. Ne4 Be7 19. Ne1 Ngf6 20. Nd2 c5 21.
Nd3 cxd4 22. Bxd4 Ka8 23. Bc3 Nc5 24. Ne5 Rhf8 25. b3 Rd6 26. f4 Rdd8 27. g4 Bd6
28. Bb2 Qe7 29. g5 hxg5 30. fxg5 Nh7 31. h6 Bxe5 32. hxg7 Bxg7 33. Bxg7 Qxg5 34.
Bxf8 Qf5+ 35. Ne4 Rxf8 36. Rh5 Qxe4+ 37. Qc2 e5 38. Rxh7 Qf4 39. Rhh1 a6 40.
Rhf1 Qe3 41. Qd2 Qxd2 42. Rxd2 f6 43. Rd5 Ne4 44. Kc2 Rh8 45. Kd3 Rh4 46. Rd8+
Ka7 47. b4 b5 48. cxb5 axb5 49. Rf8 Kb7 50. Rc1 Ng5 51. Rxf6 Rd4+ 52. Kc2 Rc4+
53. Kb2 Rxb4+ 54. Ka1 Ne4 55. Rf5 Kb6 56. Rxe5 Rd4 57. Re6+ Ka5 58. Rcc6 Kb4 59.
Kb2 Rd2+ 60. Rc2 Rxc2+ 61. Kxc2 Nc5 62. Re3 Ka4 63. Kc3 Nb7 64. Kd4 b4 65. Re8
Na5 66. Ra8 Kb5 67. Rb8+ Ka4 68. Ra8 Kb5 69. Kd3 Ka4 70. Kc2 Kb5 71. Rb8+ Ka4
72. Rb6 Ka3 73. Rh6 Ka4 74. Rh5 Nc6 75. Rc5 Na5 76. Rc7 Ka3 77. Rc5 1/2-1/2

[Event "AUTO-OPEN-1566"]
[Site "http://www.queenalice.com/game.php?id=715568"]
[Date "2010.1.17"]
[Round "2"]
[White "Mano171"]
[Black "zicze"]
[Result "0-1"]
[WhiteElo "2177"]
[BlackElo "2282"]

1. d4 Nf6 2. Nf3 g6 3. c4 c5 4. d5 e6 5. Nc3 exd5 6. cxd5 d6 7. e4 a6 8. a4 Bg7
9. Bd3 O-O 10. O-O Bg4 11. h3 Bxf3 12. Qxf3 Nbd7 13. Bc2 Rb8 14. Bf4 Qc7 15.
Rfc1 b5 16. axb5 axb5 17. Ra6 Rb6 18. Rca1 Nh5 19. Ra7 Qc8 20. Be3 b4 21. Na4
Ra6 22. Rxa6 Qxa6 23. Qd1 Ra8 0-1

[Event "AUTO-ADV-1363"]
[Site "http://www.queenalice.com/game.php?id=722396"]
[Date "2010.1.29"]
[Round "2"]
[White "zicze"]
[Black "ekup"]
[Result "1-0"]
[WhiteElo "2222"]
[BlackElo "1916"]

1. e4 c5 2. Nf3 Nc6 3. d4 cxd4 4. Nxd4 d6 5. Nc3 e6 6. Be2 Nf6 7. O-O Be7 8. Be3
O-O 9. f4 Bd7 10. Kh1 a6 11. Qe1 Nxd4 12. Bxd4 Rc8 13. Qf2 Qc7 14. Bb6 Qc6 15.
Bf3 d5 16. exd5 exd5 17. Rad1 Be6 18. f5 Bd7 19. Nxd5 Qd6 20. Nxf6+ Qxf6 21.
Rxd7 Bd8 22. Bxd8 Rfxd8 23. Rxd8+ Rxd8 24. Bxb7 Qxb2 25. Bxa6 Qxa2 26. Bd3 h6
27. Qh4 Qd5 28. f6 Qg5 29. Qxg5 hxg5 30. fxg7 Kxg7 31. g4 f6 32. Bf5 Kf7 33. c4
Rd6 34. c5 Rc6 35. Rc1 1-0

[Event "AUTO-ADV-1363"]
[Site "http://www.queenalice.com/game.php?id=722397"]
[Date "2010.1.29"]
[Round "2"]
[White "ekup"]
[Black "zicze"]
[Result "0-1"]
[WhiteElo "1912"]
[BlackElo "2225"]

1. e4 e6 2. d4 d5 3. e5 c5 4. Nf3 Nc6 5. Bb5 Bd7 6. O-O Nxe5 7. Bxd7+ Nxd7 8. c3
Ngf6 9. Bg5 Be7 10. Nbd2 O-O 11. Ne5 Nxe5 12. dxe5 Nd7 13. Bxe7 Qxe7 14. f4 b5
15. Qe1 a5 16. Kh1 Nb6 17. b3 Rfc8 18. Rb1 b4 19. c4 dxc4 20. bxc4 Rd8 21. Rc1
a4 22. Ne4 Rd4 23. Nd6 Rd8 24. Rd1 Rxd1 25. Qxd1 Nxc4 26. Qxa4 Nxd6 27. exd6
Qxd6 28. h3 c4 29. Qc2 Qd3 30. Qc1 c3 31. f5 exf5 32. Re1 g6 33. Qg5 Qd2 34. Qh4
c2 0-1

[Event "AUTO-MASTER-828"]
[Site "http://www.queenalice.com/game.php?id=743086"]
[Date "2010.3.8"]
[Round "2"]
[White "zicze"]
[Black "fabke007"]
[Result "1-0"]
[WhiteElo "2255"]
[BlackElo "2001"]

1. e4 c5 2. Nf3 d6 3. d4 cxd4 4. Nxd4 Nf6 5. Nc3 g6 6. Be2 Bg7 7. Be3 O-O 8. O-O
Be6 9. Qd2 Nc6 10. Rad1 Ng4 11. Nxe6 1-0

[Event "AUTO-MASTER-828"]
[Site "http://www.queenalice.com/game.php?id=743087"]
[Date "2010.3.8"]
[Round "2"]
[White "fabke007"]
[Black "zicze"]
[Result "0-1"]
[WhiteElo "2055"]
[BlackElo "2279"]

1. e4 e6 2. d4 d5 3. exd5 exd5 4. Bd3 Nf6 5. Nf3 Bd6 6. Be3 Bg4 7. Nbd2 c6 8. c3
O-O 9. Qc2 h6 10. O-O-O Nbd7 11. h3 Be6 12. g4 b5 13. g5 hxg5 14. Nxg5 Qa5 15.
Kb1 b4 16. Nb3 Qb6 17. Nxe6 fxe6 18. Rhg1 Rf7 19. Rg6 Nf8 20. Rg2 bxc3 21. Qxc3
a5 22. Nc5 Rb8 23. f3 Bxc5 24. dxc5 Qb4 25. Qc2 a4 26. Bd2 Qh4 27. Rdg1 Rbb7 28.
Bg5 Qh5 29. Rg3 a3 30. b3 N6h7 31. Bc1 Rxf3 32. Bxa3 Rxg3 33. Rxg3 e5 34. Bb2 e4
35. Be2 Qh4 36. Qc3 Ne6 37. Qe5 Nhf8 38. Bg4 Rf7 39. Bc1 Nxc5 40. Qg5 Qxg5 41.
Bxg5 Nd3 42. h4 Rf1+ 43. Kc2 d4 44. a4 Rf2+ 45. Kd1 Nh7 46. Be6+ Kf8 47. a5 Nxg5
48. Rxg5 e3 49. Rf5+ Ke7 50. Bc8 Rd2# 0-1

[Event "AUTO-MASTER-828"]
[Site "http://www.queenalice.com/game.php?id=743088"]
[Date "2010.3.8"]
[Round "2"]
[White "zicze"]
[Black "Pato"]
[Result "1-0"]
[WhiteElo "2248"]
[BlackElo "2074"]

1. e4 Nc6 2. d4 e5 3. d5 Nce7 4. c4 Ng6 5. Nf3 Bc5 6. Nc3 Nf6 7. Bg5 d6 8. a3 a5
9. h3 O-O 10. Bd3 h6 11. Be3 Bxe3 12. fxe3 c6 13. O-O Qb6 14. Qd2 Bd7 15. Kh2
Rfe8 16. Rf2 cxd5 17. cxd5 Rac8 18. Raf1 Qb3 19. Ng1 b5 20. Rxf6 gxf6 21. Rxf6
b4 22. axb4 axb4 23. Nce2 Ba4 24. Ng3 Rc7 25. Rxd6 Rec8 26. Rb6 Rc2 27. Bxc2
Rxc2 28. Qxb4 Qxe3 29. Rxg6+ fxg6 30. Qxa4 Qf2 31. N1e2 Rxb2 32. Qe8+ Kh7 33.
Qxe5 h5 34. Qf4 Rxe2 35. Nxe2 Qxe2 36. e5 1-0

[Event "AUTO-MASTER-828"]
[Site "http://www.queenalice.com/game.php?id=743090"]
[Date "2010.3.8"]
[Round "2"]
[White "zicze"]
[Black "TheWatcher"]
[Result "1/2-1/2"]
[WhiteElo "2256"]
[BlackElo "2109"]

1. e4 e6 2. Qe2 Nc6 3. c3 d5 4. exd5 Qxd5 5. Nf3 Nh6 6. d4 Nf5 7. g3 Nfxd4 8.
cxd4 Nxd4 9. Nxd4 Qxh1 10. Nf3 Bd7 11. Bf4 Bb4+ 12. Nbd2 Bc6 13. O-O-O Bxd2+ 14.
Nxd2 Qxh2 15. Kb1 Rc8 16. Nf3 Qh5 17. Bg2 O-O 18. Rh1 Qg4 19. Ka1 Rfd8 20. Rxh7
Bb5 21. Qe1 Kxh7 22. Ng5+ Kg8 23. Bf3 Qf5 24. Be4 Qc5 25. Qh1 Be2 26. Be3 Qc4
27. Qh7+ Kf8 28. Bc2 Bd3 29. Qh5 Rd7 30. Bb3 Qc6 31. Bxe6 Qc2 32. Bc5+ Kg8 33.
Bxf7+ Rxf7 34. Qxf7+ Kh8 35. Qh5+ Bh7 36. Nf7+ Kg8 37. Nh6+ Kh8 38. Nf7+ 1/2-1/2

[Event "AUTO-MASTER-828"]
[Site "http://www.queenalice.com/game.php?id=743091"]
[Date "2010.3.8"]
[Round "2"]
[White "TheWatcher"]
[Black "zicze"]
[Result "0-1"]
[WhiteElo "2149"]
[BlackElo "2271"]

1. d4 f5 2. Nf3 Nf6 3. g3 g6 4. Bg2 Bg7 5. c4 O-O 6. O-O d6 7. Nc3 c6 8. d5 e5
9. dxe6 Bxe6 10. Qd3 Na6 11. Bf4 d5 12. Nd4 Bf7 13. cxd5 Nb4 14. Qd2 Nbxd5 15.
Bg5 Qa5 16. Nb3 Qc7 17. Nc5 Nxc3 18. bxc3 Nd5 19. Rac1 b6 20. Na6 Qe5 21. c4 Nc3
22. Bxc6 Nxe2+ 23. Kg2 Nxc1 24. Bxa8 Ne2 25. Bf3 Bxc4 26. Re1 Re8 27. Nc7 Qxc7
28. Bxe2 Bxe2 29. Rxe2 Rxe2 30. Qxe2 Qc6+ 31. Qf3 Qxf3+ 32. Kxf3 Kf7 33. Ke3 Ke6
34. Kd3 Kd5 35. Be3 Bf8 36. f3 Bc5 37. Bd2 b5 38. h3 b4 0-1

[Event "Challenge"]
[Site "http://www.queenalice.com/game.php?id=754035"]
[Date "2010.3.30"]
[Round "-"]
[White "zicze"]
[Black "zdzicho"]
[Result "0-1"]
[WhiteElo "2259"]
[BlackElo "2206"]

1. e4 e6 2. Qe2 c5 3. f4 Nc6 4. c3 Be7 5. Nf3 d5 6. e5 Nh6 7. d3 O-O 8. Na3 Bd7
9. g3 Qa5 10. Nc2 d4 11. Bd2 Qb6 12. Rb1 dxc3 13. Bxc3 Nb4 14. a3 Nd5 15. Bd2
Rfd8 16. Ne3 Nxe3 17. Bxe3 Bc6 18. Bg2 Ng4 19. Bg1 Qa5+ 20. Kf1 Rxd3 21. a4 Rad8
22. Bf2 Qxa4 23. Kg1 Bb5 24. Re1 Rd1 0-1

[Event "Challenge"]
[Site "http://www.queenalice.com/game.php?id=773384"]
[Date "2010.5.9"]
[Round "-"]
[White "boilermaker1234"]
[Black "zicze"]
[Result "1/2-1/2"]
[WhiteElo "2217"]
[BlackElo "2284"]

1. e4 e6 2. Nf3 d5 3. exd5 exd5 4. d4 Bd6 5. c4 c6 6. c5 Be7 7. Bd3 Nf6 8. O-O
O-O 9. Nc3 Bg4 10. h3 Bh5 11. Bg5 Nbd7 12. Re1 Re8 13. g4 Bg6 14. Bxg6 hxg6 15.
Qc2 b5 16. a3 Nf8 17. Re2 Ne6 18. Rxe6 fxe6 19. Qxg6 Rf8 20. Ne5 Qc8 21. h4 Bd8
22. h5 a5 23. h6 Ra7 24. Kg2 Nh7 25. Bxd8 Rxd8 26. Rh1 Rf8 27. Qc2 Rf6 28. g5
Rf5 29. g6 Nf8 30. h7+ Kh8 31. Rh3 Re7 32. Rf3 Rxf3 33. Kxf3 Nd7 34. Nf7+ Rxf7+
35. gxf7 Nf8 36. Qd2 e5 37. Kg3 exd4 38. Qxd4 Qe6 39. Qf4 Kxh7 40. Qd6 Qxd6+ 41.
cxd6 Kg6 42. Ne2 b4 43. Nd4 bxa3 44. bxa3 c5 45. Nb3 c4 46. Nxa5 Nd7 47. f8=Q
Nxf8 48. Kf3 Kf5 49. Nb7 Ke6 50. a4 Kd7 51. a5 Kc6 52. a6 Nd7 53. Ke3 Kb6 54.
Nd8 Kxa6 55. Kd4 1/2-1/2

[Event "AUTO-OPEN-1567"]
[Site "http://www.queenalice.com/game.php?id=776134"]
[Date "2010.5.15"]
[Round "3"]
[White "zicze"]
[Black "Corinthiano_SP"]
[Result "1-0"]
[WhiteElo "2296"]
[BlackElo "2257"]

1. e4 e6 2. d4 d5 3. Nd2 Nf6 4. e5 Nfd7 5. Bd3 c5 6. c3 cxd4 7. cxd4 Nc6 8. Ne2
a6 9. O-O Be7 10. Nf3 f6 11. Nf4 Nf8 12. Re1 f5 13. Bd2 g5 14. Nxg5 Bxg5 15.
Qh5+ Kd7 16. Nxd5 Bxd2 17. Qf7+ Ne7 18. Rac1 Bxc1 19. Rxc1 1-0

[Event "AUTO-OPEN-1567"]
[Site "http://www.queenalice.com/game.php?id=776135"]
[Date "2010.5.15"]
[Round "3"]
[White "Corinthiano_SP"]
[Black "zicze"]
[Result "0-1"]
[WhiteElo "2248"]
[BlackElo "2307"]

1. d4 d5 2. c4 c6 3. e3 Nf6 4. Nf3 Bf5 5. Bd3 Bg6 6. Nc3 e6 7. O-O Nbd7 8. Re1
Bb4 9. Bxg6 hxg6 10. Qb3 Qb6 11. c5 Qa5 12. Bd2 Bxc3 13. Bxc3 Qc7 14. h3 Ne4 15.
Rac1 g5 16. Qa4 a5 17. b4 f5 18. b5 g4 19. bxc6 bxc6 20. hxg4 fxg4 21. Nd2 Ndf6
0-1

[Event "Challenge"]
[Site "http://www.queenalice.com/game.php?id=815909"]
[Date "2010.8.10"]
[Round "-"]
[White "Ares23"]
[Black "zicze"]
[Result "0-1"]
[WhiteElo "1483"]
[BlackElo "2291"]

1. e4 e6 2. Nf3 d5 3. Bd3 Nf6 4. exd5 exd5 5. O-O Be7 6. Nc3 O-O 7. Bb5 c6 8.
Ba4 Bg4 9. h3 Bh5 10. d4 b5 11. Bb3 b4 12. Ne2 Bxf3 13. gxf3 Qd7 14. c3 Qxh3 15.
Nf4 Qd7 16. Bd2 a5 17. Re1 Na6 18. Kh1 Bd6 19. cxb4 Nh5 20. Nxh5 Qh3+ 21. Kg1
Bh2+ 22. Kh1 Bg3+ 23. Kg1 Qh2+ 24. Kf1 Qxf2# 0-1

[Event "Niezniszczalność"]
[Site "http://www.queenalice.com/game.php?id=824937"]
[Date "2010.8.29"]
[Round "-"]
[White "Eliasz"]
[Black "zicze"]
[Result "0-1"]
[WhiteElo "2041"]
[BlackElo "2292"]

1. e4 e6 2. d4 d5 3. exd5 exd5 4. Nf3 Nf6 5. Bd3 Bd6 6. O-O O-O 7. Bg5 Bg4 8.
Nbd2 Nbd7 9. Qb1 h6 10. Be3 c6 11. Ne5 Nxe5 12. dxe5 Bxe5 13. h3 Bd7 14. Re1 Bd6
15. Nf3 c5 16. Nh4 d4 17. Bc1 Qc7 18. Nf5 c4 19. Nxh6+ gxh6 20. Bf1 Kg7 21. c3
d3 22. Be3 Rfe8 23. Qc1 Ne4 24. Rd1 Bh2+ 25. Kh1 Re6 26. Bd4+ Kg8 27. b3 b5 28.
a4 Be5 0-1